000 00413nam a2200169Ia 4500
005 20230328091056.0
008 131103s9999 xx 000 0 und d
040 _aLoreto College
041 _aEnglish
082 _a822.91
_bSHA
100 _aShaw,Bernard
245 _aPlays pleasant
_cBernard Shaw
260 _aHarmounds Worth
_bPenguin Books
_c1966
300 _a318 p.
850 _aLCLIB
942 _cBK
999 _c4430
_d54909